Britpop bands accidentially translated - Statistics

General Stats
  • This quiz has been taken 121 times
  • The average score is 6 of 13
Answer Stats
Hint Answer % Correct
Radiokopf Radiohead
100%
Oase Oasis
95%
Supergras Supergrass
76%
Die Steinrosen The Stone Roses
58%
Manische Straßenprediger Manic Street Preachers
53%
Ozean Farb Szene Ocean Colour Scene
48%
Super pelzige Tiere Super Furry Animals
40%
Verschwommen Blur
35%
Schläfer Sleeper
33%
Der Schwung The Verve
24%
Zellstoff Pulp
23%
Wildleder Suede
21%
Herrenbekleidung Menswear
7%
No matching quizzes found
Score Distribution
Percent of People with Each Score
Percentile by Number Answered
Your Score History
You have not taken this quiz